<?xml version="1.0" encoding="UTF-8"?><?xml-stylesheet type="text/xsl" href="static/style.xsl"?><OAI-PMH xmlns="http://www.openarchives.org/OAI/2.0/" xmlns:xsi="http://www.w3.org/2001/XMLSchema-instance" xsi:schemaLocation="http://www.openarchives.org/OAI/2.0/ http://www.openarchives.org/OAI/2.0/OAI-PMH.xsd"><responseDate>2026-04-27T14:38:28Z</responseDate><request verb="GetRecord" identifier="oai:uvadoc.uva.es:10324/48865" metadataPrefix="marc">https://uvadoc.uva.es/oai/request</request><GetRecord><record><header><identifier>oai:uvadoc.uva.es:10324/48865</identifier><datestamp>2021-09-30T20:47:40Z</datestamp><setSpec>com_10324_1163</setSpec><setSpec>com_10324_931</setSpec><setSpec>com_10324_894</setSpec><setSpec>col_10324_1326</setSpec></header><metadata><record xmlns="http://www.loc.gov/MARC21/slim" xmlns:doc="http://www.lyncode.com/xoai" xmlns:xsi="http://www.w3.org/2001/XMLSchema-instance" xmlns:dcterms="http://purl.org/dc/terms/" xsi:schemaLocation="http://www.loc.gov/MARC21/slim http://www.loc.gov/standards/marcxml/schema/MARC21slim.xsd">
<leader>00925njm 22002777a 4500</leader>
<datafield tag="042" ind1=" " ind2=" ">
<subfield code="a">dc</subfield>
</datafield>
<datafield tag="720" ind1=" " ind2=" ">
<subfield code="a">Pascual Molina, Jesús Félix</subfield>
<subfield code="e">author</subfield>
</datafield>
<datafield tag="260" ind1=" " ind2=" ">
<subfield code="c">2017</subfield>
</datafield>
<datafield tag="520" ind1=" " ind2=" ">
<subfield code="a">El emperador Carlos V agrupó un importante conjunto de armas y armaduras en Valladolid. Con motivo de su último viaje a España en 1556, nuevas piezas se incorporaron a la armería imperial que pasó después de su muerte a Felipe II, quien la trasladó a Madrid, donde se construyó un edificio destinado a contener la colección. Entre ellas destacó un importante grupo de banderas ligadas a episodios singulares de la vida del emperador. Describimos el conjunto y su iconografía, aportando además noticias de archivo inéditas, que permitirán conocer mejor las banderas empleadas en tiempos del César Carlos y el significado que se las otorgó.</subfield>
</datafield>
<datafield tag="520" ind1=" " ind2=" ">
<subfield code="a">The Emperor Charles V formed an important group of arms and armor in his armory at Valladolid. In 1556, during his last journey to Spain, new pieces were sent to this royal armory; after his death they passed to Philip II, who sent them to Madrid, where he ordered a new building especially for the collection. Among these pieces was an important group of flags linked to major episodes of the Emperor’s life. The author describes the flags and their iconography, providing as well unpublished archival materials, which permit a better understanding of the flags used in times of Caesar Charles and their meanings.</subfield>
</datafield>
<datafield tag="024" ind2=" " ind1="8">
<subfield code="a">Archivo español de arte, Vol. 90, Nº. 357, 2017, págs. 31-48</subfield>
</datafield>
<datafield tag="024" ind2=" " ind1="8">
<subfield code="a">0004-0428</subfield>
</datafield>
<datafield tag="024" ind2=" " ind1="8">
<subfield code="a">https://uvadoc.uva.es/handle/10324/48865</subfield>
</datafield>
<datafield tag="024" ind2=" " ind1="8">
<subfield code="a">10.3989/aearte.2017.03</subfield>
</datafield>
<datafield tag="024" ind2=" " ind1="8">
<subfield code="a">31</subfield>
</datafield>
<datafield tag="024" ind2=" " ind1="8">
<subfield code="a">357</subfield>
</datafield>
<datafield tag="024" ind2=" " ind1="8">
<subfield code="a">48</subfield>
</datafield>
<datafield tag="024" ind2=" " ind1="8">
<subfield code="a">Archivo Español de Arte</subfield>
</datafield>
<datafield tag="024" ind2=" " ind1="8">
<subfield code="a">90</subfield>
</datafield>
<datafield tag="024" ind2=" " ind1="8">
<subfield code="a">1988-8511</subfield>
</datafield>
<datafield ind1=" " ind2=" " tag="653">
<subfield code="a">Banderas</subfield>
</datafield>
<datafield ind1=" " ind2=" " tag="653">
<subfield code="a">Carlos I, Rey de España</subfield>
</datafield>
<datafield ind1=" " ind2=" " tag="653">
<subfield code="a">España -  Historia - 1516-1556 (Carlos I)</subfield>
</datafield>
<datafield ind1=" " ind2=" " tag="653">
<subfield code="a">Armas y armaduras - Historia</subfield>
</datafield>
<datafield ind1=" " ind2=" " tag="653">
<subfield code="a">Real Armería (Madrid)</subfield>
</datafield>
<datafield tag="245" ind1="0" ind2="0">
<subfield code="a">La iconografía de las banderas de Carlos V: ejemplos y noticias documentales</subfield>
</datafield>
</record></metadata></record></GetRecord></OAI-PMH>